Travis Scott Songs A-Z - Statistics

General Stats
  • This quiz has been taken 141 times
    39 since last reset
  • The average score is 18 of 25
Answer Stats
Hint Answer % Correct
S Skyfall/Sloppy Toppy/SDP Interlude/Sweet Sweet/Stargazing/the scotts/Sicko Mode/Stop Trying To Be God/Skeletons/Saint/Saint Laurent Mask/Sirens/Skitzo/Shyne/South of France
93%
A Antidote/Apple Pie/Astrothunder/A-Team/Aye
89%
B Basement freestyle/Backyard/Bacc/Beibs in the trap/ButterflyEffect/Black & Chinese/Best Man/Beep Beep/Backrooms
89%
H Houstonfornication/Huncho Jack/How U Feel/Highest in the room/Hyaena
89%
# 2000 Excursion/3500/4X4/90210/5%TINT
86%
C Coordinate/Carousel/Can't Say/Coffee Bean/Circus Maximus/Champain and Vacay/Contest/Can't Stop/Crush/Champions/Cinderella
86%
M Mamacita/Maria Im Drunk/Modern Slavery/Motorcycle Patches/Moon Rock/Modern Jam/My Eyes/Meltdown/Mafia
86%
G Grey/Goosebumps/Guidance/Go/Gang Gang/Gatti/God's Country/GoOff
82%
F Flying High/First Take/Fein/Florida Flow/Franchise/Flocky Flocky/father
79%
N Nightcrawler/Never Catch Me/No Bystanders/NC-17
75%
D Drugs you should try it/ Don't Play/Dubai Shit/Delresto/Dumbo/DaWizard/Durag Activity
71%
T Through the late night/Thank God/Topia Twins/Telekinesis/Til Further Notice/TKN
71%
Z Zombies/ZEZE
71%
O Oh My Dis Side/Ok Alright/Outside/Out West/Oh Shhh
68%
P Pornography/Pray 4 Love/Piss On Your Grave/Pick up the phone/Parking Lot/Praise God/Pablo/Parasail/PBT/Philly/Power is Power
68%
I Impossible/I Can Tell/I Know ?/ILMB/Ice Age/Inside
64%
L Lose/Lost Forever/Looove
64%
W Wasted/Way Back/Wonderful/Wake Up/Who?What!/Where U From/Wash Us in the blood/Where Was You/Whole Lotta Lovin/Watch/ Wake up Filthy/Water
64%
Y Yosemite
61%
K K-Pop/Kick Out
57%
E Eye 2 Eye/Escape Plan/the ends
54%
Q Quintana
54%
R RIP Screw/rosary
54%
J JACKBOYS
50%
U Upper Echelon
25%
No matching quizzes found
Score Distribution
Percent of People with Each Score
Percentile by Number Answered
Your Score History
You have not taken this quiz since the last reset